Field marshal K M cariappa: (Record no. 142208)

MARC details
000 -LEADER
fixed length control field 00643nam a22001937a 4500
005 - DATE AND TIME OF LATEST TRANSACTION
control field 20170630125755.0
010 ## - LCCN (DPL NO)
LC control number ENG-119087
020 ## - INTERNATIONAL STANDARD BOOK NUMBER
International Standard Book Number 9789385160981
Terms of availability 1295.00
035 ## - SYSTEM CONTROL NUMBER
System control number EN-102619
037 ## - SOURCE OF ACQUISITION
Source of stock number/acquisition DBAD/PUB
082 ## - DEWEY DECIMAL CLASSIFICATION NUMBER
Classification number 921
245 ## - TITLE STATEMENT
Title Field marshal K M cariappa:
Remainder of title great military leader /
Statement of responsibility, etc edited by Harsharan Singh
260 ## - PUBLICATION, DISTRIBUTION, ETC. (IMPRINT)
Place of publication, distribution, etc New Delhi
Name of publisher, distributor, etc Lenin Media
Date of publication, distribution, etc 2016
270 ## - ADDRESS
Address 202, IInd Floor, 4832/24, Prahlad Street, Ansari Road, Daryaganj, New Delhi-110002
300 ## - PHYSICAL DESCRIPTION
Extent 238p
Dimensions 22cm.(Hb)
500 ## - GENERAL NOTE
General note Includes bibliographical refrence and index
700 ## - ADDED ENTRY--PERSONAL NAME
Personal name Harsharn Singh
942 ## - ADDED ENTRY ELEMENTS (KOHA)
Source of classification or shelving scheme Dewey Decimal Classification
Item type English Books
Classification part 921
Call number suffix FIE
Holdings
Withdrawn status Lost status Not for loan Collection code Home library Current library Date acquired Source of acquisition Cost, normal purchase price Full call number Barcode Copy number Cost, replacement price Koha item type
      Non-fiction Shahdara Branch Shahdara Branch 30/06/2017 DBAD/PUB 1295.00 921 FIE EN-102619 1 1295.00 English Books

© Delhi Public Library
Hit Counter
free hit counter